MARC details
| 000 -LEADER |
| fixed length control field |
01325 a2200325 4500 |
| 001 - CONTROL NUMBER |
| control field |
200130675 |
| 003 - CONTROL NUMBER IDENTIFIER |
| control field |
TR-AnTOB |
| 005 - DATE AND TIME OF LATEST TRANSACTION |
| control field |
20231214093442.0 |
| 020 ## - INTERNATIONAL STANDARD BOOK NUMBER |
| International Standard Book Number |
0631218769 |
| 040 ## - CATALOGING SOURCE |
| Original cataloging agency |
TR-AnTOB |
| 041 ## - LANGUAGE CODE |
| Language code of text/sound track or separate title |
İngilizce |
| 050 00 - LIBRARY OF CONGRESS CALL NUMBER |
| Classification number |
PR461 |
| Item number |
.C597 1999 |
| 090 ## - LOCALLY ASSIGNED LC-TYPE CALL NUMBER (OCLC); LOCAL CALL NUMBER (RLIN) |
| Classification number (OCLC) (R) ; Classification number, CALL (RLIN) (NR) |
PR461 .C597 1999 |
| 245 02 - TITLE STATEMENT |
| Title |
A Companion to Victorian Literature & Culture / |
| Statement of responsibility, etc. |
edited by Herbert F. Tucker. |
| 264 #1 - PRODUCTION, PUBLICATION, DISTRIBUTION, MANUFACTURE, AND COPYRIGHT NOTICE |
| Place of production, publication, distribution, manufacture |
Malden, Mass. : |
| Name of producer, publisher, distributor, manufacturer |
Blackwell Publishers, |
| Date of production, publication, distribution, manufacture, or copyright notice |
1999. |
| 300 ## - PHYSICAL DESCRIPTION |
| Extent |
xviii, 488 p. ; |
| Dimensions |
26 cm. |
| 504 ## - BIBLIOGRAPHY, ETC. NOTE |
| Bibliography, etc. note |
|
| 505 ## - FORMATTED CONTENTS NOTE |
| Formatted contents note |
History in focus -- Passages of life -- Walks of life -- Kinds of writing -- Borders. |
| 650 #0 - SUBJECT ADDED ENTRY--TOPICAL TERM |
| Topical term or geographic name entry element |
Literature and society |
| Geographic subdivision |
Great Britain |
| General subdivision |
History |
| Chronological subdivision |
19th century |
| 9 (RLIN) |
93550 |
|
| Topical term or geographic name entry element |
Edebiyat ve toplum |
| Geographic subdivision |
Büyük Britanya |
| General subdivision |
Tarih |
| Chronological subdivision |
19. yüzyıl |
| 9 (RLIN) |
93549 |
|
| Topical term or geographic name entry element |
English literature |
| Chronological subdivision |
19th century |
| General subdivision |
History and criticism |
| 9 (RLIN) |
93455 |
|
| Topical term or geographic name entry element |
İngiliz edebiyatı |
| Chronological subdivision |
19. yüzyıl |
| General subdivision |
Tarih ve eleştiri |
| Source of heading or term |
etuturkob |
| 9 (RLIN) |
92745 |
| 651 #0 - SUBJECT ADDED ENTRY--GEOGRAPHIC NAME |
| Geographic name |
Büyük Britanya |
| General subdivision |
Tarih |
| Chronological subdivision |
Victoria, 1837-1901 |
| 9 (RLIN) |
93553 |
|
| Geographic name |
Great Britain |
| General subdivision |
Civilization |
| Chronological subdivision |
19th century |
| 9 (RLIN) |
93552 |
|
| Geographic name |
Great Britain |
| General subdivision |
History |
| Chronological subdivision |
Victoria, 1837-1901 |
| 9 (RLIN) |
38593 |
|
| Geographic name |
Büyük Britanya |
| General subdivision |
Uygarlık |
| Chronological subdivision |
19. yüzyıl |
| 9 (RLIN) |
93551 |
| 700 1# - ADDED ENTRY--PERSONAL NAME |
| Personal name |
Tucker, Herbert F. |
| 9 (RLIN) |
93548 |
| 942 ## - ADDED ENTRY ELEMENTS (KOHA) |
| Koha item type |
Book |